<?xml version="1.0" encoding="UTF-8"?><?xml-stylesheet type="text/xsl" href="static/style.xsl"?><OAI-PMH xmlns="http://www.openarchives.org/OAI/2.0/" xmlns:xsi="http://www.w3.org/2001/XMLSchema-instance" xsi:schemaLocation="http://www.openarchives.org/OAI/2.0/ http://www.openarchives.org/OAI/2.0/OAI-PMH.xsd"><responseDate>2026-04-27T07:39:37Z</responseDate><request verb="GetRecord" identifier="oai:uvadoc.uva.es:10324/70607" metadataPrefix="marc">https://uvadoc.uva.es/oai/request</request><GetRecord><record><header><identifier>oai:uvadoc.uva.es:10324/70607</identifier><datestamp>2025-03-07T07:52:26Z</datestamp><setSpec>com_10324_1191</setSpec><setSpec>com_10324_931</setSpec><setSpec>com_10324_894</setSpec><setSpec>col_10324_1379</setSpec></header><metadata><record xmlns="http://www.loc.gov/MARC21/slim" xmlns:doc="http://www.lyncode.com/xoai" xmlns:xsi="http://www.w3.org/2001/XMLSchema-instance" xmlns:dcterms="http://purl.org/dc/terms/" xsi:schemaLocation="http://www.loc.gov/MARC21/slim http://www.loc.gov/standards/marcxml/schema/MARC21slim.xsd">
<leader>00925njm 22002777a 4500</leader>
<datafield tag="042" ind1=" " ind2=" ">
<subfield code="a">dc</subfield>
</datafield>
<datafield tag="720" ind1=" " ind2=" ">
<subfield code="a">Trigo López, Javier</subfield>
<subfield code="e">author</subfield>
</datafield>
<datafield tag="720" ind1=" " ind2=" ">
<subfield code="a">García Azorín, David</subfield>
<subfield code="e">author</subfield>
</datafield>
<datafield tag="720" ind1=" " ind2=" ">
<subfield code="a">Planchuelo Gómez, Álvaro</subfield>
<subfield code="e">author</subfield>
</datafield>
<datafield tag="720" ind1=" " ind2=" ">
<subfield code="a">García Iglesias, Cristina</subfield>
<subfield code="e">author</subfield>
</datafield>
<datafield tag="720" ind1=" " ind2=" ">
<subfield code="a">Dueñas Gutiérrez, Carlos Jesús</subfield>
<subfield code="e">author</subfield>
</datafield>
<datafield tag="720" ind1=" " ind2=" ">
<subfield code="a">Guerrero Peral, Angel Luis</subfield>
<subfield code="e">author</subfield>
</datafield>
<datafield tag="260" ind1=" " ind2=" ">
<subfield code="c">2020</subfield>
</datafield>
<datafield tag="520" ind1=" " ind2=" ">
<subfield code="a">Introduction: Headache is a common symptom of the severe acute respiratory syndrome coronavirus 2 (SARS-CoV-2) infection. In this study, we aimed to characterize the phenotype of headache attributed to SARS-CoV-2 infection and to test the International Classification of Headache Disorders (ICHD-3) phenotypic criteria for migraine and tension-type headache.&#xd;
&#xd;
Methods: The study design was a cross-sectional study nested in a cohort. We screened all consecutive patients that were hospitalized and had a positive SARS-CoV-2 test. We included patients that described headache if the headache was not better explained by another ICHD-3 diagnosis. Patients were interviewed by two neurologists.&#xd;
&#xd;
Results: We screened 580 patients and included 130 (mean age 56 years, 64% female). Headache was the first symptom of the infection in 26% of patients and appeared within 24 hours in 62% of patients. The headache was bilateral in 85%, frontal in 83%, and with pressing quality in 75% of patients. Mean intensity was 7.1, being severe in 64%. Hypersensitivity to stimuli occurred in 57% of patients. ICHD-3 criteria for headache attributed to systemic viral infection were fulfilled by 94% of patients; phenotypic criteria for migraine were fulfilled by 25% of patients, and tension-type headache criteria by 54% of patients.&#xd;
&#xd;
Conclusion: Headache attributed to SARS-CoV-2 infection in hospitalized patients has severe intensity, frontal predominance and oppressive quality. It occurs early in the course of the disease. Most patients fulfilled ICHD-3 criteria for headache attributed to systemic viral infection; however, the phenotype might resemble migraine in a quarter of cases and tension-type headache in half of the patients.</subfield>
</datafield>
<datafield tag="024" ind2=" " ind1="8">
<subfield code="a">Cephalalgia 2020, vol. 40, n.13, p. 1432-1442</subfield>
</datafield>
<datafield tag="024" ind2=" " ind1="8">
<subfield code="a">0333-1024</subfield>
</datafield>
<datafield tag="024" ind2=" " ind1="8">
<subfield code="a">https://uvadoc.uva.es/handle/10324/70607</subfield>
</datafield>
<datafield tag="024" ind2=" " ind1="8">
<subfield code="a">10.1177/0333102420965146</subfield>
</datafield>
<datafield tag="024" ind2=" " ind1="8">
<subfield code="a">1432</subfield>
</datafield>
<datafield tag="024" ind2=" " ind1="8">
<subfield code="a">13</subfield>
</datafield>
<datafield tag="024" ind2=" " ind1="8">
<subfield code="a">1442</subfield>
</datafield>
<datafield tag="024" ind2=" " ind1="8">
<subfield code="a">Cephalalgia</subfield>
</datafield>
<datafield tag="024" ind2=" " ind1="8">
<subfield code="a">40</subfield>
</datafield>
<datafield tag="024" ind2=" " ind1="8">
<subfield code="a">1468-2982</subfield>
</datafield>
<datafield tag="245" ind1="0" ind2="0">
<subfield code="a">Phenotypic characterization of acute headache attributed to SARS-CoV-2: An ICHD-3 validation study on 106 hospitalized patients</subfield>
</datafield>
</record></metadata></record></GetRecord></OAI-PMH>